000 00864nam a2200253Ia 4500
003 OSt
005 20220923222314.0
006 a|||||r|||| 00| 0
007 ta
008 220922b |||||||| |||| 00| 0 hin d
024 _a204,434
037 _cTextual
040 _aARTS
_cARTS
_bhin
041 _2hin
_ahin
082 _aO156,2N07,AG, 152M6
100 _aडोसा, प्राग जी; शरदनागर, अनु.
_9166722
245 0 _aअग्निज्वाल
246 _aAgnijvāla
260 _aदिल्ली
_b नेशनल पब्लि हाउस
_c1986
300 _a90पृ.
_ccm.
650 _aगुजराती साहित्य
942 _hO156,2N07,AG, 152M6
_cTEXL
_2CC
999 _c355183
_d355183